La revolución urbana

সংরক্ষণ করুন:
গ্রন্থ-পঞ্জীর বিবরন
প্রধান লেখক: Lefebvre, Henry
বিন্যাস: পাঠ‍্য
প্রকাশিত: Madrid : ALIANZA
সংস্করন:2
বিষয়গুলি:
ট্যাগগুলো: ট্যাগ যুক্ত করুন
কোনো ট্যাগ নেই, প্রথমজন হিসাবে ট্যাগ করুন!

MARC

LEADER 00000 a a2200000 04500
001 24666
003
040
020 |a 84-206-1378-9  
090 |a 1003 L489r  
100 |a Lefebvre, Henry  
245 |a La revolución urbana  
250 |a 2  
260 |a Madrid :   |b ALIANZA  
300 |a 198 páginas  
630 |a URBANISMO  
630 |a POBLACION URBANA  
630 |a DESARROLLO URBANO  
999 |c 9851  |d 9851